00887 2200229 4500001002100000005001700021008004100038035002500079040001200104082001400116084001900130100003000149245024300179260007400422300003300496500003400529504003000563650001900593700001500612850001200627990001800639INLIS00000000001017920150813232006.0  a0010-081500000001617 aYOPDYOG 223a354.7 aSK 354.7 Agu S aAGUSTINA Yeni Nahak Seran aStrategi humas dinas informasi dan komunikasi dalam upaya pelayanan informasi terhadap masyarakat eks timor-timur di kabupaten Belub( Studi Deskriptif pada humas dinas informasi dan komunikasi kabupaten Belu)c/ Agustina Yeni Nahak Seran aYogyakartabSekolah Tinggi Pembangunan Masyarakat Desa ""APMD""c2007 axiii, 107 lembar. ; 29,5 cm. aSkripsi Prodi Ilmu Komunikasi aBibliografi: hlm. 106-107 aLembaga Publik aISBANDIYAH aYOPDYOG a48205-PD/A.15